Statistics for Countries by clue #1

Click here to take the quiz!

General Stats

  • This quiz has been taken 22 times
  • The average score is 8 of 10

Answer Stats

Clues:Answer% Correct
The queenUnited kingdom
100%
TasmaniaAustralia
100%
Mountain FujiJapan
100%
The PopeVatican City
100%
Yellow riverChina
91%
ShakiraColombia
86%
AmazonBrazil
86%
Sound of music.Austria
82%
PiratesSomalia
82%
“Land of the brave”Namibia
9%

Score Distribution

Percentile by Number Answered

Percent of People with Each Score

Your Score History

You have not taken this quiz